4e jaar aardrijkskunde parate kaartkennis landen - Statistieken

Algemene statistieken
  • Deze quiz is 37 keer genomen
  • De gemiddelde score is 25 van 28
Antwoorden op de kaart
Antwoorden kleurgecodeerd door een groen-rode schaal op de quizkaart volgens % correct hieronder.
 
Antwoordstatistieken
Antwoord % Correct
Chili
96%
China
96%
Marokko
96%
Australië
93%
Brazilië
93%
Canada
93%
India
93%
Japan
93%
Niger
93%
Turkije
93%
USA
93%
Zuid-Afrika
93%
D.R. Congo
89%
Ghana
89%
Madagaskar
89%
Mexico
89%
Saudi-Arabië
89%
Afganistan
86%
Filipijnen
86%
Kazachstan
86%
Taiwan
86%
Bolivia
82%
Colombia
82%
Guyana
82%
Irak
82%
Ecuador
79%
Senegal
71%
Rwanda
57%
Geen overeenkomende quizzen gevonden
Scoreverdeling
Procent van Mensen met Elke Score
Percentiel versus Aantal Correcte Antwoorden
Uw Scoregeschiedenis
U heeft deze quiz nog niet genomen